Handel Guayasamín (Record no. 12920)

MARC details
000 -CABECERA
campo de control de longitud fija 00894nam a2200265 4500
003 - IDENTIFICADOR DEL NÚMERO DE CONTROL
campo de control OSt
005 - FECHA Y HORA DE LA ÚLTIMA TRANSACCIÓN
campo de control 20260530115302.0
008 - DATOS DE LONGITUD FIJA--INFORMACIÓN GENERAL
campo de control de longitud fija 260421b2004 ec a|||| |||| 00| 0 spa d
020 ## - NÚMERO INTERNACIONAL ESTÁNDAR DEL LIBRO
Número Internacional Estándar del Libro 9978438963
040 ## - FUENTE DE LA CATALOGACIÓN
Centro catalogador/agencia de origen ICI
Lengua de catalogación spa
Centro/agencia transcriptor ICI
050 #4 - SIGNATURA TOPOGRÁFICA DE LA BIBLIOTECA DEL CONGRESO
Número de clasificación NA889
Número de documento/Ítem G83 2004
100 #1 - ENTRADA PRINCIPAL--NOMBRE DE PERSONA
Nombre de persona Guayasamín, Handel
Término indicativo de función/relación autor
245 10 - MENCIÓN DE TÍTULO
Título Handel Guayasamín
Resto del título arquitecto : libro de obra
Mención de responsabilidad, etc. Handel Guayasamín
246 30 - FORMA VARIANTE DE TÍTULO
Título propio/Titulo breve Libro de obra
250 ## - MENCIÓN DE EDICIÓN
Mención de edición Primera edición
264 #1 - PRODUCCIÓN, PUBLICACIÓN, DISTRIBUCIÓN, FABRICACIÓN Y COPYRIGHT
Producción, publicación, distribución, fabricación y copyright Quito, Ecuador :
Nombre del de productor, editor, distribuidor, fabricante [Editorial Abya Yala],
Fecha de producción, publicación, distribución, fabricación o copyright 2004
300 ## - DESCRIPCIÓN FÍSICA
Extensión 345 páginas
Otras características físicas ilustraciones (principalmente ilustrado)
336 ## - TIPO DE CONTENIDO
Término de tipo de contenido texto
Fuente rdacontent
337 ## - TIPO DE MEDIO
Nombre/término del tipo de medio sin medio
Fuente rdamedia
338 ## - TIPO DE SOPORTE
Nombre/término del tipo de soporte volumen
Fuente rdacarrier
600 14 - PUNTO DE ACCESO ADICIONAL DE MATERIA--NOMBRE DE PERSONA
Nombre de persona Guayasamín, Handel
Subdivisión de forma Catálogos
9 (RLIN) 31426
650 #4 - PUNTO DE ACCESO ADICIONAL DE MATERIA--TÉRMINO DE MATERIA
Término de materia o nombre geográfico como elemento de entrada Arquitectos
Subdivisión de forma Catálogos
Subdivisión cronológica Siglo XX
Subdivisión geográfica Ecuador
9 (RLIN) 31427
650 #4 - PUNTO DE ACCESO ADICIONAL DE MATERIA--TÉRMINO DE MATERIA
Término de materia o nombre geográfico como elemento de entrada Arquitectura
Subdivisión de forma Catálogos
Subdivisión cronológica Siglo XX
Subdivisión geográfica Ecuador
9 (RLIN) 31428
942 ## - ELEMENTOS DE PUNTO DE ACCESO ADICIONAL (KOHA)
Fuente del sistema de clasificación o colocación Library of Congress Classification
Tipo de ítem Koha
Suprimir en OPAC 1

No items available.